000 00845nas a2200289 4500
001 BR2015001668
003 BR-BrBNA
005 20231205125125.0
007 ta
008 230509b bl.|||p| |||| 00| 00por d
040 _aBR-BrBNA
_bpor
_cBiblioteca Nacional de Agricultura
041 _a(En)
072 _aF30
100 1 _aAmbiel, A.C.
100 1 _aMachado Neto, N.B.
100 1 _aGuaberto, L.M.
100 1 _aVanderlei, T.M.
245 1 _aBrachiaria germplasm dissimilarity as shown by RAPD markers
650 _aPASTAGEM
650 _aBRACHIARIA
650 _aMARCADOR MOLECULAR
650 _aGERMOPLASMA
650 _aDNA
773 0 _tCrop Breeding and Applied Biotechnology (Brazil)
_xISSN 1518-7853
_g(Mar 2010), v. 10(1) p. 55-64
_wBR2015001668
909 _a202311
_bLúcia
_c55
_dLúcia Elande
942 _2AGRIS
_n0
_cANA
999 _c242765
_d242765